| 000 | 01443nam a22003737a 4500 | ||
|---|---|---|---|
| 003 | CHAP | ||
| 005 | 20220817042324.0 | ||
| 008 | 971013s1973 r 00010 d | ||
| 010 | _a40847 | ||
| 011 | _a41819 | ||
| 035 | _a45945 | ||
| 040 | _cCHAP | ||
| 082 |
_a972.02 _bF5 |
||
| 100 | 0 | 0 |
_aFlorescano M., Enrique _ecomp. _941814 |
| 245 | _aDescripciones económicas de Nueva España, 1784-1827 | ||
| 260 |
_aMéxico, D.F. : _bINAH. Depto. de Investigaciones Históricas, _c1973- . |
||
| 300 | _a3 v. | ||
| 490 | _aFuentes para la historia económica de México, 1-3 | ||
| 500 | _aLa biblioteca tiene : v.1 | ||
| 505 | _aContenido : v.1 Descripciones generales, 1784-1817 .- v.2 Provincias del norte, 1790-1814 .- v.3 Provincias del centro, sudeste y sur, 1766-1827 | ||
| 590 |
_aBATCH-UPD _b10 _c20130110 _lUCH01 _h0008 |
||
| 590 |
_aBATCH-UPD _b10 _c20130110 _lUCH01 _h1642 |
||
| 590 |
_aBATCH-UPD _b10 _c20130410 _lUCH01 _h1033 |
||
| 590 |
_aBATCH-UPD _b10 _c20130914 _lUCH01 _h1420 |
||
| 590 |
_aCONVERSION _b10 _c20130109 _lUCH01 _h1323 |
||
| 650 | 1 | 4 |
_aHistoria económica _xMéxico. _955630 |
| 650 | 1 | 4 |
_aMéxico _xCondiciones económicas. |
| 650 | 1 | 4 |
_aMéxico _xHistoria _xColonia. _976754 |
| 700 | 0 |
_aGil Sánchez, Isabel _ecomp. _947952 |
|
| 830 | 0 |
_aFuentes para la historia económica de México, 1-3 _943887 |
|
| 901 | _aBK | ||
| 942 | _cLIBRO | ||
| 949 |
_a972.02 F5 _bBC _cLIBRO _d33724000151320 _eLIBRO _fv.1 c.2 _h47308 _i45945 _si |
||
| 999 |
_c40847 _d40847 |
||